食补与食疗- 合订本 (Record no. 54798)

000 -LEADER
fixed length control field 00356nam a22001457a 4500
003 - CONTROL NUMBER IDENTIFIER
control field MPLRDC
005 - DATE AND TIME OF LATEST TRANSACTION
control field 20220104160048.0
008 - FIXED-LENGTH DATA ELEMENTS--GENERAL INFORMATION
fixed length control field 210129b ||||| |||| 00| 0 eng d
082 ## - DEWEY DECIMAL CLASSIFICATION NUMBER
Classification number 414.8 CCR-10
100 ## - MAIN ENTRY--PERSONAL NAME
Personal name 陈存仁编订
245 ## - TITLE STATEMENT
Title 食补与食疗- 合订本
Statement of responsibility, etc.
260 ## - PUBLICATION, DISTRIBUTION, ETC.
Place of publication, distribution, etc.
Name of publisher, distributor, etc. 立基出版社
Date of publication, distribution, etc.
650 ## - SUBJECT ADDED ENTRY--TOPICAL TERM
Topical term or geographic name entry element 医话
942 ## - ADDED ENTRY ELEMENTS (KOHA)
Koha item type Book
-- 414.8 CCR-10
Holdings
Withdrawn status Lost status Source of classification or shelving scheme Damaged status Not for loan Collection code Home library Current library Shelving location Date acquired Cost, normal purchase price Total Checkouts Full call number Barcode Date last seen Date last checked out Price effective from Koha item type Public note
            Malaysian Public Library, Research and Development Centre Malaysian Public Library, Research and Development Centre   10/12/2007 14.00   414.8 CCR-10 00054989 18/03/2021 31/07/2011 18/03/2021 Book mplrdc

© 2022. Malaysian Public Library, Research and Development Centre. All Right ReservedE-mailmplrdc@help.edu.my 

Powered by Koha